The Malayan grading rules for sawn hardwood timber .
| Corporate Author: | |
|---|---|
| Format: | Book |
| Published: |
Kuala Lumpur :
The Forest Department ,
1968
|
| Subjects: |
MARC
| LEADER | 00000cam a2200000 7i4500 | ||
|---|---|---|---|
| 001 | 0000001901 | ||
| 005 | 20020416.0 | ||
| 090 | 0 | 0 | |a 674.5 |b MAL 1968 |
| 110 | 1 | 0 | |a MALAYSIA |c Jabatan Hutan |
| 245 | 1 | 4 | |a The Malayan grading rules for sawn hardwood timber . |l Atoran pemerangkatan kayu keras gergagi, Malaya |c issued by the Forest Department |
| 260 | 0 | 0 | |a Kuala Lumpur : |b The Forest Department , |c 1968 |
| 300 | |a 98 p. : |b ill ; |c 25 cm. | ||
| 650 | 0 | 0 | |a Timber |z Malaysia |x Grading |
| 998 | |a JPSM | ||
| 999 | |a 0000003031 |b Monograph |c Open Shelf |e Default branch | ||